LEADER 00991nam0 2200277 450 001 000014870 005 20090324162853.0 100 $a20080728d1960----km-y0itay50------ba 101 1 $aita$ceng 102 $aIT 105 $aafc-----001yy 200 1 $aVerso una pił generale teoria del valore$fEdward Hastings Chamberlin$gtraduzione a cura di Michelangelo Giorda 210 $a[Torino]$cUTET$dstampa 1960 215 $aXII, 334 p., [1] c. di tav.$critr.$d25 cm 225 2 $aSociologi ed economisti$v29 410 0$12001$aSociologi ed economisti$v29 500 10$aTowards a more general theory of value$m$935216 610 1 $aValore 676 $a330.4$v16$9Economia. Saggi 700 1$aChamberlin,$bEdward Hastings$0125529 702 1$aGiorda,$bMichelangelo$4070 801 0$aIT$bUNIPARTHENOPE$c20080728$gRICA$2UNIMARC 912 $a000014870 951 $aCollana$b1293$cNAVA2 996 $aTowards a more general theory of value$935216 997 $aUNIPARTHENOPE LEADER 02156nam0 22004093i 450 001 SBL0072972 005 20251003044348.0 020 $aIT$b67-6945 100 $a20211110d1967 ||||0itac50 ba 101 | $aita 102 $ait 181 1$6z01$ai $bxxxe 182 1$6z01$an 183 1$6z01$anc$2RDAcarrier 200 1 $aIndagine turistica alle frontiere$einverno 1966-1967$fEnte nazionale italiano per il turismo 210 $aRoma$c[s.n.]$d1967$eRoma$gTambone 215 $a179 p.$cill.$d24 cm. 225 | $aCollana di monografie turistiche$v12 410 0$1001SBL0083131$12001 $aCollana di monografie turistiche$v12$1702 1$aRefice$b, Edoardo$3RMLV030987 606 $aTurismo$xItalia$x1966-1967$2FIR$3SBLC026000$9I 676 $a338.4$9INDUSTRIE SECONDARIE E SERVIZI$v12 676 $a338.479145$9BENI E SERVIZI. Turismo. Italia$v21 676 $a338.479145$9BENI E SERVIZI. Turismo. Italia$v23 676 $a910.4$9Geografia e viaggi. Narrazioni di viaggi$v20 710 02$aEnte nazionale italiano per il turismo$3CFIV077287$4070$03276 791 02$aENIT$c $3CFIV077288$zEnte nazionale italiano per il turismo 791 02$aAgenzia nazionale del turismo$3CFIV322579$zEnte nazionale italiano per il turismo 791 02$aEnte nazionale industrie turistiche$3LO1V469983$zEnte nazionale italiano per il turismo 791 02$aItalienska statens turistbyra?$3RAVV675328$zEnte nazionale italiano per il turismo 801 3$aIT$bIT-000000$c20211110 850 $aIT-BN0095 $aIT-NA0500 $aIT-NA0079 901 $bNAP 01$cPOZZO LIB.$nVi sono collocati fondi di economia, periodici di ingegneria e scienze, periodici di economia e statistica e altri fondi comprendenti documenti di economia pervenuti in dono. 912 $aSBL0072972 950 0$aBiblioteca Centralizzata di Ateneo$c1 v.$d 01POZZO LIB.F. FRAGOLA 20$e 0101 0060064125E VMA 1 v. (Precedente collocazione F 239)$fB $h20221021$i20221021 977 $a 01$a 49$a BN 996 $aIndagine turistica alle frontiere$92920507 997 $aUNISANNIO